000 02417cam a2200301 4500500
005 20251228050227.0
041 _afre
042 _adc
100 1 0 _aRoux, Sylvain
_eauthor
245 0 0 _aTranscendance et relation. Plotin et l'antinomie du principe
260 _c2012.
500 _a43
520 _aRésuméLa question du principe occupe une place essentielle dans la philosophie de Plotin, notamment parce qu’il lui faut penser de quelle manière l’Un peut être à l’origine de toutes les autres réalités et jouer ainsi un rôle principiel. Mais l’analyse de cette question pose un problème particulier : si l’Un est en position de principe, il perd son statut transcendant. Plotin accuse Aristote et les stoïciens d’avoir ainsi affaibli la supériorité de l’Un pour en faire un principe, mais l’affirmation de la transcendance rend elle-même difficile l’établissement d’une relation entre le Principe et ce qui en provient. Comment surmonter ce qui apparaît bien comme une antinomie ? Nous montrons ici par quelles voies paradoxales Plotin y parvient mais surtout que l’usage du paradoxe offre la seule solution compatible avec l’orientation générale du système plotinien.
520 _aThis paper deals with the problem of principle in Plotinus’s thought. He tries to show how to face a difficulty : from one hand, the first principle (the One) is considered as the producer of all realities and needs, for this reason, to be put in relation with them. But on the other hand, he must be considered beyond all reality : in that case, how can he remain a principle if there’s no relation at all with what he has produced ? The way Plotinus follows, to answer that question is unconventional : by denying to the One all characteristics, he makes him powerful and attributes him the power to produce all the realities. It’s only by this paradoxical argument that the problem can be solved.
690 _aacte
690 _aperfection
690 _aprincipe
690 _apuissance
690 _asimplicité
690 _aunité
690 _aactivity
690 _apower
690 _aprinciple
690 _asimplicity
690 _aunity
786 0 _nArchives de philosophie | 75 | 1 | 2012-01-01 | p. 49-76 | 0003-9632
856 4 1 _uhttps://shs.cairn.info/revue-archives-de-philosophie-2012-1-page-49?lang=fr&redirect-ssocas=7080
999 _c1580187
_d1580187